Country Singers - Sudden Death - Statistics

General Stats
  • This quiz has been taken 667 times
    625 since last reset
  • The average score is 9 of 29
Answers on the Grid
Answers color-coded by a green-red scale on the quiz's grid according to % correct below.
Zach Bryan
Luke Combs
Luke Bryan
Tracy Chapman
Wyatt Flores
Jim Morrison
Sam Barber
Shania Twain
Dusty Springfield
Chris Young
Chris Brown
Carly Pearce
Avery Anna
Alanis Morrissette
Lucinda Williams
Ethel Cain
Riley Green
Johnny Marr
Clint Black
Jonathan Davis
Cody Johnson
Sam Hunt
Kelly Clarkson
Neil Young
Carole King
Toby Keith
Dean Martin
Travis Tritt
George Strait
George Lucas
George Jones
Alan Jackson
Bryan Adams
Robert Zimmerman
Tim McGraw
Faith Hill
Trace Adkins
Tyler Joseph
Clay Walker
Merle Haggard
Colin Stetson
Hank Williams
Marty Robbins
Kenny Loggins
Glen Campbell
Lee Brice
Randy Newman
Eric Church
 
Answer Stats
Answer % Correct
Luke Combs
81%
Zach Bryan
81%
Luke Bryan
70%
Shania Twain
52%
George Strait
31%
Toby Keith
31%
Riley Green
30%
Cody Johnson
29%
Hank Williams
28%
Tim McGraw
28%
Alan Jackson
27%
Sam Hunt
26%
Trace Adkins
26%
Wyatt Flores
26%
Chris Young
25%
Clint Black
25%
Travis Tritt
25%
Faith Hill
24%
Glen Campbell
24%
Merle Haggard
24%
George Jones
23%
Eric Church
22%
Lee Brice
19%
Clay Walker
17%
Marty Robbins
17%
Sam Barber
17%
Carly Pearce
14%
Avery Anna
9%
Lucinda Williams
7%
No matching quizzes found
Score Distribution
Percent of People with Each Score
Percentile by Number Answered
Your Score History
You have not taken this quiz since the last reset